[Event "BCF-chT3S 1112 (4NCL)"]
[Site "England"]
[Date "2012.02.11"]
[Round "5.2"]
[White "Lee, Darren"]
[Black "Claridge Hansen, William"]
[Result "1/2-1/2"]
[WhiteElo "1897"]
[BlackElo "1706"]
[PlyCount "91"]
[EventDate "2011.11.12"]
[EventType "team-swiss"]
[EventRounds "6"]
[EventCountry "ENG"]
[SourceTitle "EXT 2013"]
[Source "ChessBase"]
[SourceDate "2012.11.22"]
[SourceVersion "1"]
[SourceVersionDate "2012.11.22"]
[SourceQuality "1"]
[WhiteTeam "Halesowen"]
[BlackTeam "AMCA Hippos"]
[WhiteTeamCountry "ENG"]
[BlackTeamCountry "ENG"]

1. Nf3 c5 2. c4 g6 3. g3 Bg7 4. Bg2 Nc6 5. Nc3 d6 6. 0-0 e5 7. d3 Nge7 8. a3 0-0 9. Rb1 a5 10. Nd5 Nxd5 11. cxd5 Ne7 12. Ne1 b5 13. e4 Bd7 14. f4 Qb6 15. Be3 b4 16. fxe5 Bxe5 17. Nf3 Bg7 18. Nd2 Bb5 19. Nc4 Bxc4 20. dxc4 Qa6 21. Qc2 Nc8 22. Bh3 Nb6 23. Rfc1 Rfe8 24. Bf4 Bd4+ 25. Kh1 Be5 26. Bxe5 Rxe5 27. axb4 axb4 28. b3 Rae8 29. Ra1 Qb7 30. Ra2 Rxe4 31. Rca1 Qe7 32. Be6 Re5 33. Ra7 Qxa7 34. Rxa7 fxe6 35. Qd2 exd5 36. Qh6 Re1+ 37. Kg2 R1e7 38. Rxe7 Rxe7 39. cxd5 Nxd5 40. Qg5 Ne3+ 41. Kf3 Nf5 42. g4 Nd4+ 43. Kg3 Re6 44. Qd8+ Kg7 45. Qd7+ Kg8 46. Qd8+ 1/2-1/2

[Event "BCF-chT3 1011 (4NCL)"]
[Site "England"]
[Date "2011.05.01"]
[Round "10.42"]
[White "Lee, Darren"]
[Black "Grant, David J"]
[Result "0-1"]
[WhiteElo "1887"]
[BlackElo "2095"]
[PlyCount "60"]
[EventDate "2010.11.06"]
[EventType "team-swiss"]
[EventRounds "9"]
[EventCountry "ENG"]
[SourceTitle "EXT 2012"]
[Source "ChessBase"]
[SourceDate "2011.11.24"]
[SourceVersion "1"]
[SourceVersionDate "2011.11.24"]
[SourceQuality "1"]
[WhiteTeam "Halesowen"]
[BlackTeam "Sussex Smart Controls"]
[WhiteTeamCountry "ENG"]
[BlackTeamCountry "ENG"]

1. d4 Nf6 2. c4 e6 3. Nc3 Bb4 4. Qc2 d5 5. a3 Bxc3+ 6. Qxc3 Ne4 7. Qc2 c5 8. dxc5 Nc6 9. cxd5 exd5 10. Nf3 Bf5 11. b4 0-0 12. Qb2 a5 13. b5 Nb8 14. Be3 Nd7 15. Rc1 Rc8 16. Nd4 Qf6 17. c6 bxc6 18. bxc6 Ne5 19. Qb5 Rfd8 20. c7 Rd7 21. Qb8 Rdxc7 22. Qxc7 Rxc7 23. Rxc7 Nc4 24. Rc6 Qe5 25. f3 Nxe3 26. fxe4 Bd7 27. Ra6 h5 28. Nf3 Qc3+ 29. Kf2 Ng4+ 30. Kg3 dxe4 0-1

[Event "BCF-chT3 1011 (4NCL)"]
[Site "England"]
[Date "2010.11.07"]
[Round "2.46"]
[White "Waldock, Adrian DP"]
[Black "Lee, Darren"]
[Result "0-1"]
[WhiteElo "1794"]
[BlackElo "1887"]
[PlyCount "124"]
[EventDate "2010.11.06"]
[EventType "team-swiss"]
[EventRounds "9"]
[EventCountry "ENG"]
[SourceTitle "CBM 139 Extra"]
[Source "ChessBase"]
[SourceDate "2011.01.05"]
[SourceVersion "1"]
[SourceVersionDate "2011.01.05"]
[SourceQuality "1"]
[WhiteTeam "Guildford A&DC IV"]
[BlackTeam "Halesowen"]
[WhiteTeamCountry "ENG"]
[BlackTeamCountry "ENG"]

1. d4 e6 2. Nf3 f5 3. g3 Nf6 4. Bg2 Be7 5. c4 0-0 6. Nc3 d6 7. 0-0 a5 8. b3 Ne4 9. Bb2 Nxc3 10. Bxc3 Qe8 11. Qd2 a4 12. b4 Bf6 13. Rac1 e5 14. dxe5 dxe5 15. Qd5+ Kh8 16. Nxe5 c6 17. Qd6 Be7 18. Qd2 Bf6 19. f4 Nd7 20. Nxd7 Bxd7 21. Bxf6 Rxf6 22. Bf3 Be6 23. Rfd1 Rf8 24. Rc3 Qf7 25. Qc2 Rac8 26. e4 fxe4 27. Bxe4 Qh5 28. Rd2 Rce8 29. Rf2 Bg4 30. h4 Qh6 31. Bf3 Bf5 32. Qxa4 Qf6 33. Qb3 Qd4 34. Qb2 Re1+ 35. Kh2 Rd8 36. Rb3 Qxc4 37. b5 Qc5 38. bxc6 bxc6 39. Rb6 Rb1 40. Rxc6 Rxb2 41. Rxb2 Qd4 42. Rcb6 h6 43. R6b4 Qe3 44. R4b3 Rd2+ 45. Bg2 Qf2 46. Rxd2 Qxd2 47. Rb8+ Kh7 48. Re8 Qxa2 49. Re5 Bc8 50. Kg1 Bb7 51. Bxb7 Qb1+ 52. Kf2 Qxb7 53. Re2 Qd7 54. Re5 Qh3 55. Kf3 Kg6 56. Kf2 Kf6 57. Kf3 Qf1+ 58. Kg4 h5+ 59. Kxh5 Qf3+ 60. g4 g6+ 61. Kh6 Qxg4 62. Kh7 Qd7+ 0-1

[Event "BCF-chT3 0910 (4NCL)"]
[Site "England"]
[Date "2010.03.28"]
[Round "8.4"]
[White "Jamieson, Ian M"]
[Black "Lee, Darren"]
[Result "1-0"]
[WhiteElo "2016"]
[BlackElo "1890"]
[PlyCount "61"]
[EventDate "2009.10.24"]
[EventType "team-tourn"]
[EventRounds "11"]
[EventCountry "ENG"]
[SourceTitle "EXT 2011"]
[Source "ChessBase"]
[SourceDate "2010.11.26"]
[SourceVersion "1"]
[SourceVersionDate "2010.11.26"]
[SourceQuality "1"]
[WhiteTeam "Guernsey Mates"]
[BlackTeam "Halesowen"]
[WhiteTeamCountry "ENG"]
[BlackTeamCountry "ENG"]

1. f4 d5 2. b3 c5 3. Nf3 Nc6 4. e3 Nf6 5. Bb2 e6 6. Bb5 Bd6 7. 0-0 0-0 8. Bxc6 bxc6 9. Ne5 Bxe5 10. fxe5 Nd7 11. Qh5 f5 12. exf6 Nxf6 13. Qg5 Rf7 14. Nc3 Qe7 15. Ba3 Nd7 16. Qxe7 Rxe7 17. Na4 Rf7 18. Nxc5 Nxc5 19. Bxc5 Rxf1+ 20. Rxf1 Bd7 21. Rf4 a5 22. Ra4 e5 23. b4 Bc8 24. bxa5 Ba6 25. d3 Rb8 26. Bb6 Rf8 27. h3 Bb5 28. Rb4 Ra8 29. a4 Ba6 30. Bc7 c5 31. Rb5 1-0

[Event "BCF-chT3 0910 (4NCL)"]
[Site "England"]
[Date "2010.01.17"]
[Round "4.3"]
[White "Gooding, Ian R"]
[Black "Lee, Darren"]
[Result "1-0"]
[WhiteElo "1986"]
[BlackElo "1890"]
[PlyCount "29"]
[EventDate "2009.10.24"]
[EventType "team-tourn"]
[EventRounds "11"]
[EventCountry "ENG"]
[SourceTitle "EXT 2011"]
[Source "ChessBase"]
[SourceDate "2010.11.26"]
[SourceVersion "1"]
[SourceVersionDate "2010.11.26"]
[SourceQuality "1"]
[WhiteTeam "Cambridge University II"]
[BlackTeam "Halesowen"]
[WhiteTeamCountry "ENG"]
[BlackTeamCountry "ENG"]

1. e4 c6 2. c4 d5 3. exd5 cxd5 4. cxd5 Nf6 5. Nc3 g6 6. Nf3 Bg7 7. Bc4 0-0 8. 0-0 Nbd7 9. Re1 Nb6 10. Bb3 Re8 11. d4 Nbxd5 12. Bg5 Nb6 13. Ne5 Rf8 14. Qf3 h6 15. Bxf6 1-0

[Event "BCF-chT3 0910 (4NCL)"]
[Site "England"]
[Date "2009.10.25"]
[Round "2.4"]
[White "Lee, Darren"]
[Black "Vaughan, David Owen"]
[Result "1/2-1/2"]
[WhiteElo "1890"]
[BlackElo "2040"]
[PlyCount "51"]
[EventDate "2009.10.24"]
[EventType "team-tourn"]
[EventRounds "11"]
[EventCountry "ENG"]
[SourceTitle "EXT 2011"]
[Source "ChessBase"]
[SourceDate "2010.11.26"]
[SourceVersion "1"]
[SourceVersionDate "2010.11.26"]
[SourceQuality "1"]
[WhiteTeam "Halesowen"]
[BlackTeam "Sambuca Black Sheep"]
[WhiteTeamCountry "ENG"]
[BlackTeamCountry "ENG"]

1. d4 Nf6 2. c4 g6 3. Nc3 d6 4. e4 Bg7 5. Nf3 0-0 6. Be2 e5 7. 0-0 Nc6 8. d5 Nb8 9. b4 a5 10. Ba3 axb4 11. Bxb4 Na6 12. Ba3 Nh5 13. Nd2 Nf4 14. Bf3 Qg5 15. Nb3 Bh3 16. g3 Bxf1 17. Kxf1 Nh5 18. h4 Qe7 19. Bxh5 gxh5 20. Qxh5 Nc5 21. Bxc5 dxc5 22. d6 Qxd6 23. Rd1 Qe6 24. Qe2 c6 25. Nxc5 Qh3+ 26. Kg1 1/2-1/2

[Event "BCF-chT3 0910 (4NCL)"]
[Site "England"]
[Date "2009.10.24"]
[Round "1.4"]
[White "Armstrong, William G"]
[Black "Lee, Darren"]
[Result "1/2-1/2"]
[WhiteElo "1966"]
[BlackElo "1890"]
[PlyCount "87"]
[EventDate "2009.10.24"]
[EventType "team-tourn"]
[EventRounds "11"]
[EventCountry "ENG"]
[SourceTitle "EXT 2011"]
[Source "ChessBase"]
[SourceDate "2010.11.26"]
[SourceVersion "1"]
[SourceVersionDate "2010.11.26"]
[SourceQuality "1"]
[WhiteTeam "Braille Chess Association"]
[BlackTeam "Halesowen"]
[WhiteTeamCountry "ENG"]
[BlackTeamCountry "ENG"]

1. d4 Nf6 2. Nf3 g6 3. Nc3 Bg7 4. e4 d6 5. Be3 0-0 6. Qd2 Nc6 7. Bh6 e5 8. Bxg7 Kxg7 9. d5 Ne7 10. 0-0-0 a6 11. h3 b5 12. Bd3 b4 13. Nb1 a5 14. g4 Bd7 15. Qe1 Qb8 16. Bc4 a4 17. c3 Bb5 18. Qe2 Bxc4 19. Qxc4 bxc3 20. Nxc3 Qa7 21. g5 Nh5 22. Rh2 Rfb8 23. Rd2 Qa5 24. a3 Rb3 25. Rc2 Nf4 26. Nd2 Rb7 27. f3 Qa7 28. Qf1 Qd4 29. Nd1 Rab8 30. Nc4 Qa7 31. h4 Nc8 32. h5 Nxh5 33. Rxh5 gxh5 34. Qh3 Ne7 35. Qxh5 Kf8 36. Qh6+ Ke8 37. Qxh7 Ng6 38. Nce3 Rb3 39. Qg8+ Nf8 40. Nf5 Rxf3 41. Rh2 Qc5+ 42. Rc2 Qa7 43. Qg7 Ng6 44. Qg8+ 1/2-1/2

[Event "BCF-chT3 0809 (4NCL)"]
[Site "Hinckley Island"]
[Date "2009.05.03"]
[Round "10.2"]
[White "Lee, Darren"]
[Black "Periasamymanjula, Manibharathi"]
[Result "0-1"]
[WhiteElo "1950"]
[BlackElo "1704"]
[PlyCount "60"]
[EventDate "2008.10.18"]
[EventType "team-swiss"]
[EventRounds "11"]
[EventCountry "ENG"]
[SourceTitle "EXT 2010"]
[Source "ChessBase"]
[SourceDate "2010.11.25"]
[SourceVersion "1"]
[SourceVersionDate "2010.11.25"]
[SourceQuality "1"]
[WhiteTeam "Halesowen"]
[BlackTeam "AMCA Hippos"]
[WhiteTeamCountry "ENG"]
[BlackTeamCountry "ENG"]

1. d4 Nf6 2. c4 c5 3. d5 b5 4. cxb5 a6 5. bxa6 g6 6. Nc3 Bg7 7. g3 d6 8. Bg2 0-0 9. Nf3 Bxa6 10. 0-0 Nbd7 11. Bd2 Qc7 12. Rb1 Rfb8 13. b3 Nb6 14. Bc1 Rb7 15. Bb2 Rab8 16. Re1 Nbd7 17. Qc2 c4 18. Nd2 cxb3 19. Nxb3 Nc5 20. Nxc5 Qxc5 21. Ba1 Ng4 22. Rbc1 Qxf2+ 23. Kh1 Bh6 24. Ne4 Qb6 25. Qc3 f6 26. Rc2 Qa7 27. Rb2 Rxb2 28. Bxb2 Rc8 29. Qf3 f5 30. Nc3 Nf2+ 0-1

[Event "BCF-chT4 0708 (4NCL)"]
[Site "England"]
[Date "2008.05.04"]
[Round "10.2"]
[White "Deswarte, Ian"]
[Black "Lee, Darren"]
[Result "1/2-1/2"]
[WhiteElo "1935"]
[BlackElo "1950"]
[PlyCount "104"]
[EventDate "2007.09.15"]
[EventType "team-swiss"]
[EventRounds "11"]
[EventCountry "ENG"]
[SourceTitle "EXT 2009"]
[Source "ChessBase"]
[SourceDate "2008.11.26"]
[SourceVersion "1"]
[SourceVersionDate "2008.11.26"]
[SourceQuality "1"]
[WhiteTeam "Guildford V"]
[BlackTeam "Halesowen"]
[WhiteTeamCountry "ENG"]
[BlackTeamCountry "ENG"]

1. e4 e5 2. Nf3 Nc6 3. Bb5 a6 4. Ba4 Nf6 5. 0-0 Be7 6. Re1 b5 7. Bb3 d6 8. h3 0-0 9. c3 Bb7 10. d4 Re8 11. Nbd2 Bf8 12. d5 Nb8 13. Nf1 h6 14. Ng3 Nbd7 15. Be3 c6 16. dxc6 Bxc6 17. Bc2 Nc5 18. Bc1 Qc7 19. b4 Ncd7 20. Qe2 Bb7 21. Bb2 Nb6 22. Bb3 Nc4 23. Rad1 Rac8 24. Bc1 g6 25. Nh2 Bg7 26. Ng4 Nxg4 27. Qxg4 Rcd8 28. Nf1 d5 29. exd5 Bxd5 30. Qg3 Be6 31. Bc2 Rxd1 32. Rxd1 Qc6 33. Ne3 Nxe3 34. Qxe3 Bxa2 35. Be4 Qc7 36. Qd2 Be6 37. Qd6 Qxc3 38. Qxa6 Qxb4 39. Bc6 Qb3 40. Re1 Qc3 41. Rd1 Qc2 42. Rf1 Rd8 43. Bxb5 Rd1 44. Be3 Rxf1+ 45. Bxf1 Qd1 46. Kh2 Kh7 47. Be2 Qb3 48. Qd6 Qb2 49. Qa6 e4 50. Bc4 Be5+ 51. g3 Bd4 52. Bxe6 Bxe3 1/2-1/2

[Event "BCF-chT4 0708 (4NCL)"]
[Site "England"]
[Date "2008.03.15"]
[Round "7.5"]
[White "Periasamymanjula, Manibharathi"]
[Black "Lee, Darren"]
[Result "0-1"]
[WhiteElo "1653"]
[BlackElo "1950"]
[PlyCount "116"]
[EventDate "2007.09.15"]
[EventType "team-swiss"]
[EventRounds "11"]
[EventCountry "ENG"]
[SourceTitle "EXT 2009"]
[Source "ChessBase"]
[SourceDate "2008.11.26"]
[SourceVersion "1"]
[SourceVersionDate "2008.11.26"]
[SourceQuality "1"]
[WhiteTeam "AMCA Hippos"]
[BlackTeam "Halesowen"]
[WhiteTeamCountry "ENG"]
[BlackTeamCountry "ENG"]

1. e4 e5 2. Nf3 Nc6 3. Bb5 a6 4. Ba4 Nf6 5. 0-0 Be7 6. Re1 b5 7. Bb3 d6 8. c3 0-0 9. d3 Na5 10. Bc2 c5 11. Nbd2 Qc7 12. a3 Rd8 13. b4 Nc6 14. Bb2 h6 15. Nf1 Bg4 16. Ne3 Bxf3 17. gxf3 d5 18. Qe2 d4 19. cxd4 Nxd4 20. Bxd4 cxd4 21. Nf5 Nh5 22. f4 Nxf4 23. Qg4 g6 24. Bb3 h5 25. Qg3 Bf8 26. Rac1 Qxc1 27. Rxc1 Ne2+ 28. Kf1 Nxg3+ 29. Nxg3 Rac8 30. Rb1 Rc3 31. Ke2 Bh6 32. Nf1 Rdc8 33. Nd2 Bxd2 34. Kxd2 Kg7 35. h4 R8c7 36. f3 f6 37. a4 bxa4 38. Bxa4 Rb7 39. Rb2 g5 40. hxg5 fxg5 41. Be8 h4 42. Rb1 Kf6 43. Bh5 Rbc7 44. Rh1 R7c6 45. Rb1 h3 46. f4 Rc2+ 47. Kd1 gxf4 48. Bf3 Rf2 49. Ke1 Rxf3 50. Ke2 Rg3 51. Rh1 Rc2+ 52. Kd1 Rcg2 53. Ke1 Rg1+ 54. Rxg1 Rxg1+ 55. Kf2 h2 56. Kf3 h1Q+ 57. Kf2 Rg2+ 58. Kf3 Qf1# 0-1